000 00617nam a22002297a 4500
003 UA-OsUOA
001 101020
007 ta
008 20130604b un ||||| |||| 00| 0 ukr d
100 _aЧхеидзе Б.
090 _a821.353.1
_bЧ-97
942 _cBK
040 _aUA-OsUOA
_brus
_cUA-OsUOA
_dUA-OsUOA
245 _aНа берегу Лиахви
_bроман
300 _a250 с.
955 _a3
041 _arus
080 _a821.353.1
260 _aТбилиси
_bЗаря Востока
_c1959
650 7 _a82 Література. Літературознавство
_2UDC
999 _c387264
_d387264